Ecología y control de la maleza invasora Acroptilon repens L. en el valle inferior de Río Negro /
Guardado en:
| Otros Autores: | , |
|---|---|
| Formato: | Manuscrito |
| Idioma: | Spanish |
| Publicado: |
2010.
|
| Materias: | |
| Acceso en línea: | Texto completo |
| Etiquetas: |
Agregar Etiqueta
Sin Etiquetas, Sea el primero en etiquetar este registro!
|
| LEADER | 01242ntm a22003015a 4500 | ||
|---|---|---|---|
| 001 | EEA.libagro009331 | ||
| 005 | 20150824090942.0 | ||
| 008 | 110330s2010####ag#a#####bm###000#0#spa#d | ||
| 082 | 0 | 4 | |a 040 |2 15 |
| 082 | 0 | 4 | |a 632.58 |2 15 |
| 100 | 1 | |a Bezic, Carlos Rubén. |4 dis | |
| 245 | 1 | 0 | |a Ecología y control de la maleza invasora Acroptilon repens L. en el valle inferior de Río Negro / |c Carlos Rubén Bezic. |
| 260 | |c 2010. | ||
| 300 | |a xliii, 212 p. : |b il. ; |c 30 cm. | ||
| 500 | |a "Tesis Doctor en Agronomía". | ||
| 500 | |a Director de tesis: Mario Ricardo Sabbatini. | ||
| 502 | |a Tesis (doctoral)--Universidad Nacional del Sur. Departamento de Agronomía, 2010. | ||
| 504 | |a Incluye referencias bibliográficas. | ||
| 530 | |a Disponible también en formato digital. | ||
| 650 | 7 | |a Agronomía. |2 unbist | |
| 650 | 7 | |a Malezas. |2 unbist | |
| 650 | 7 | |a Fitoecología. |2 unbist | |
| 650 | 7 | |a Lucha contra las malezas. |2 unbist | |
| 651 | 0 | |a Río Negro (Argentina) | |
| 700 | 1 | |a Sabbatini, Mario Ricardo. |4 ths | |
| 710 | 2 | |a Universidad Nacional del Sur. |b Departamento de Agronomía. |4 dgg. | |
| 856 | |u http://repositoriodigital.uns.edu.ar/handle/123456789/2123 |3 Texto completo | ||
| 859 | |a AR-BbBCA |b BIB. AGRONOMIA |h 040 |i B148 2010-1053 |p 121943/011 | ||
